[Event "Rudenko Mem"]
[Site "St Petersburg RUS"]
[Date "2006.08.26"]
[Round "1"]
[White "Butuc,M"]
[Black "Charochkina,D"]
[Result "0-1"]
[WhiteElo "2098"]
[BlackElo "2237"]

1.e4 c5 2.Nc3 Nc6 3.Bb5 Nd4 4.Bc4 g6 5.Nf3 Bg7 6.Nxd4 cxd4 7.Qf3 Nh6 8.Ne2 O-O
9.h3 e6 10.d3 f5 11.Qg3 fxe4 12.dxe4 d5 13.exd5 exd5 14.Bb3 Nf5 15.Qd3 a5
16.a4 b6 17.O-O Ba6 18.Qd1 Bc4 19.Ba2 Kh8 20.Re1 Qd6 21.Bf4 Qc5 22.Ng3 Rac8
23.Bxc4 dxc4 24.Ne4 Qd5 25.Nc3 Qc6 26.Ne4 Rce8 27.f3 Rd8 28.Ng5 Rde8 29.Ne4 h6
30.Kh1 g5 31.Bh2 Nh4 32.Nd6 Rxe1+ 33.Qxe1 Rxf3 34.Qe8+ Qxe8 35.Nxe8 Re3 36.Nxg7 Kxg7
37.Bc7 Re6 38.Rd1 Nf5 39.g4 Nh4 40.Rxd4 Re1+ 41.Kh2 Nf3+  0-1

[Event "6th Open"]
[Site "Velika Gorica CRO"]
[Date "2006.08.26"]
[Round "9"]
[White "Zivkovic,Vj"]
[Black "Saric,Iv"]
[Result "0-1"]
[WhiteElo "2407"]
[BlackElo "2394"]

1.e4 c5 2.Nf3 Nc6 3.Nc3 e5 4.Bc4 d6 5.d3 Be7 6.O-O Nf6 7.Bg5 O-O 8.Bxf6 Bxf6
9.Nd5 Be6 10.a3 Rb8 11.c3 b5 12.Ba2 a5 13.a4 b4 14.Bc4 g6 15.Re1 Bg7 16.Nd2 Kh8
17.Nf1 Qd7 18.Bb5 Qb7 19.Nfe3 f5 20.f3 Na7 21.Bc4 f4 22.Nf1 Qf7 23.Nd2 Nc6
24.Rb1 g5 25.Kh1 Qg6 26.Bb5 Bxd5 27.exd5 Ne7 28.Bc4 Nf5 29.Nf1 h5 30.Bb5 Rb7
31.Qe2 g4 32.Qe4 Qg5 33.Qe2 Bh6 34.Rbc1 Rg7 35.Qf2 Rfg8 36.Nd2 g3 37.Qf1 gxh2
38.Ne4 Qe7 39.Rc2 Ne3 40.Rxe3 fxe3 41.g3 Rxg3 42.Rxh2 e2 43.Rxe2 Rxf3  0-1

[Event "Adolfo Pedrido Mem"]
[Site "Vilagarcia de Arousa ESP"]
[Date "2006.08.26"]
[Round "2"]
[White "Nanu,C"]
[Black "Villar Nieves,A"]
[Result "1-0"]
[WhiteElo "2457"]
[BlackElo "2177"]

1.e4 c5 2.Nf3 Nc6 3.Nc3 g6 4.d4 cxd4 5.Nxd4 Bg7 6.Be3 Nf6 7.Bc4 Qa5 8.Nb3 Qc7
9.Be2 O-O 10.O-O d6 11.Nd5 Nxd5 12.exd5 Ne5 13.Bd4 Bf5 14.c3 Rac8 15.Re1 Rfe8
16.Bb5 Red8 17.Bf1 Re8 18.a4 Nc4 19.Bxg7 Kxg7 20.Nd4 Bd7 21.b3 Ne5 22.c4 Ng4
23.a5 Qc5 24.Qd2 Nf6 25.b4 Qc7 26.Ra3 b6 27.axb6 Qxb6 28.Rae3 Kf8 29.h3 Rc7
30.Nb3 Rb7 31.c5 Qxb4 32.c6 Qxd2 33.Nxd2 Nxd5 34.cxb7 Nxe3 35.fxe3 Rb8 36.Ba6 Ke8
37.Rc1 Kd8 38.Nb3  1-0

[Event "Lichtenberger Sommer"]
[Site "Berlin GER"]
[Date "2006.08.27"]
[Round "9"]
[White "Litwak,A"]
[Black "Von Loehnysen,L"]
[Result "1-0"]
[WhiteElo "2222"]
[BlackElo "2033"]

1.e4 c5 2.Nf3 Nc6 3.Nc3 e5 4.Bc4 g6 5.d3 Bg7 6.Ng5 Nh6 7.O-O f6 8.Nf3 d6
9.Ne1 Bg4 10.f3 Bd7 11.f4 a6 12.a4 Bg4 13.Qd2 Nd4 14.Qf2 Be6 15.Bxe6 Nxe6
16.f5 Nd4 17.Qh4 Nf7 18.g4 Qd7 19.Nd5 Ne2+ 20.Kh1 g5 21.Qh5 Nxc1 22.Rxc1 Qxa4
23.Nc7+ Ke7 24.Nxa8 Rxa8 25.Ng2 Qd4 26.Qh3 c4 27.Ne3 b5 28.Nd5+ Kf8 29.Nc7 Qa7
30.Nxa8 Qxa8  1-0

[Event "It"]
[Site "Hereford ENG"]
[Date "2006.08.29"]
[Round "1"]
[White "Devereaux,M"]
[Black "Gourlay,I"]
[Result "1/2-1/2"]
[WhiteElo "2377"]
[BlackElo "2337"]

1.e4 c5 2.Nc3 Nc6 3.Bb5 Nd4 4.Bc4 e6 5.Nge2 Nf6 6.O-O a6 7.d3 b5 8.Bb3 Nxb3
9.axb3 Bb7 10.Ng3 d6 11.f4 h5 12.h3 h4 13.Nh1 Qb6 14.Be3 d5 15.exd5 Nxd5
16.Nxd5 Bxd5 17.Qe2 Be7 18.Nf2 f5 19.Nd1 Rh6 20.Nc3 Bb7 21.b4 Qc6 22.bxc5 Bxc5
23.Bxc5 Qxc5+ 24.Kh2 O-O-O 25.Rae1 Rg6 26.Rf2 Qc6 27.Rg1 b4 28.Nd1 Rd4 29.Qh5 Rh6
30.Qg5 Qc7 31.Ne3 Qf7 32.g4 hxg3+ 33.Rxg3 Rh5 34.Qg6 Rd7 35.Nc4 Qxg6 36.Rxg6 Kc7
37.Ne5 Re7 38.c3 bxc3 39.Rc2 Rh6 40.Rxc3+ Kd6 41.Rg1 Rh5 42.d4 Kd5 43.Rc5+ Kd6
44.Rg3 Bd5 45.Ra5 Bb7 46.Rb3 Rc7 47.Rb6+ Ke7 48.Rc5 Kd8 49.Rd6+ Kc8 50.Rxc7+ Kxc7
51.Rd7+ Kb6 52.Rxg7 Bd5 53.Nd7+ Kc6 54.Nc5 a5 55.Kg3 Kb5 56.Rg6 Kc4 57.Nxe6 Rh8
58.Nc7 Be4 59.d5 Rb8 60.Rc6+ Kd4 61.Ra6 Kc5 62.d6 Rb3+ 63.Kh4 Rd3 64.Kg5 Rxh3
65.Ne6+ Kb5 66.d7 Rd3 67.Rxa5+ Kxa5 68.d8=Q+ Rxd8 69.Nxd8 Kb4 70.Ne6 Kb3
71.Nd4+ Kxb2 72.Nxf5 Kc3 73.Kf6 Bd3 74.Ke5 Kb4 75.Nd6 Kc5 76.Ne4+ Kc6 77.f5 Bxe4
78.Kxe4 Kd6  1/2-1/2

[Event "Adolfo Pedrido Mem"]
[Site "Vilagarcia de Arousa ESP"]
[Date "2006.08.29"]
[Round "5"]
[White "Senlle Caride,M"]
[Black "Muniz Vicente,J"]
[Result "1/2-1/2"]
[WhiteElo "2038"]
[BlackElo "1797"]

1.e4 c5 2.Nf3 Nc6 3.Nc3 d6 4.d4 cxd4 5.Nxd4 e5 6.Nb3 a6 7.Be3 Nf6 8.Nd5 Nxd5
9.exd5 Ne7 10.c4 Nf5 11.Bd3 Nxe3 12.fxe3 Qg5 13.Qd2 Bg4 14.h3 Qh4+ 15.Qf2 Qxf2+
16.Kxf2 Bd7 17.e4 Be7 18.Nd2 O-O 19.g4 g6 20.Rag1 Bd8 21.Ke2 Rc8  1/2-1/2

[Event "TCh-Serbia w"]
[Site "Zlatibor SCG"]
[Date "2006.08.29"]
[Round "4"]
[White "Eric,J"]
[Black "Rakic,Ma"]
[Result "1/2-1/2"]
[WhiteElo "2019"]
[BlackElo "2128"]

1.e4 c5 2.Nf3 Nc6 3.Nc3 d6 4.d4 cxd4 5.Nxd4 g6 6.Be2 Bg7 7.Nb3 Nf6 8.O-O O-O
9.Bg5 b6 10.f4 Bb7 11.Bf3 Rc8 12.Re1 Nd7 13.Rb1 a6 14.Nd5 Re8 15.Bg4 h6 16.Bh4 g5
17.Bxd7 Qxd7 18.Bf2 Rb8 19.Nxb6 Qd8 20.fxg5 hxg5 21.Qh5 Nb4 22.Qxg5 Nxc2
23.Re2 Nb4 24.Nd4 e6 25.Qd2 Nc6 26.Na4 Ne5 27.b3 Ng4 28.Qf4 Nf6 29.Qh4 Qa5
30.Rf1 Rbc8 31.Be1 Qe5 32.Nf3 Qb5 33.Rff2 Qh5 34.Qxh5 Nxh5 35.g3 Nf6 36.Nd2  1/2-1/2

[Event "Adolfo Pedrido Mem"]
[Site "Vilagarcia de Arousa ESP"]
[Date "2006.08.30"]
[Round "6"]
[White "Guaza Garcia,A"]
[Black "Muniz Vicente,J"]
[Result "1-0"]
[WhiteElo "1990"]
[BlackElo "1797"]

1.e4 c5 2.Nc3 Nc6 3.Nge2 Nf6 4.d4 cxd4 5.Nxd4 e5 6.Ndb5 d6 7.Bg5 a6 8.Na3 b5
9.Nd5 Qa5+ 10.Bd2 Qd8 11.Nxf6+ gxf6 12.c4 bxc4 13.Bxc4 Rb8 14.Qh5 Qd7 15.Bc3 f5
16.f4 Bg7 17.Rd1 fxe4 18.O-O O-O 19.f5 Qe7 20.Bd5 Nb4 21.f6 Qa7+ 22.Bd4  1-0

[Event "Adolfo Pedrido Mem"]
[Site "Vilagarcia de Arousa ESP"]
[Date "2006.08.31"]
[Round "7"]
[White "Otero Nogueira,B"]
[Black "Vila Gonzalez,D"]
[Result "1/2-1/2"]
[WhiteElo "1811"]
[BlackElo "1884"]

1.e4 c5 2.Nc3 Nc6 3.Bb5 e6 4.Bxc6 bxc6 5.f4 d5 6.e5 Ne7 7.Nf3 Ng6 8.d3 Rb8
9.O-O Be7 10.Rb1 O-O 11.Bd2 f6 12.b3 Qc7 13.Qe2 Bd7 14.Rbe1 Rf7 15.f5 Nxe5
16.fxe6 Bxe6 17.Nxe5 fxe5 18.Qxe5 Qxe5 19.Rxe5 Bd7 20.Ree1 Rbf8 21.Rxf7 Rxf7
22.Ne2 Bd6 23.Ng3 Re7 24.Rxe7 Bxe7 25.Kf2 Kf7 26.h3 g6 27.Kf3 Kf6 28.Ne2 g5
29.g4 Ke6 30.Ng3 Ke5 31.Bc3+ d4 32.Bd2 Be6 33.Kf2 h6  1/2-1/2

[Event "TCh-Serbia"]
[Site "Zlatibor SCG"]
[Date "2006.09.01"]
[Round "7"]
[White "Marinkovic,I"]
[Black "Zlatic,M"]
[Result "1/2-1/2"]
[WhiteElo "2444"]
[BlackElo "2439"]

1.e4 c5 2.Nc3 Nc6 3.Nge2 d6 4.d4 cxd4 5.Nxd4 Nf6 6.g3 e6 7.Bg2 Bd7 8.O-O Be7
9.Nxc6 Bxc6 10.a4 O-O 11.Qe2 a6 12.a5 Rc8 13.Be3 Nd7 14.Bd4 Qc7 15.Rfc1 Bf6
16.Qd2 Rfd8 17.Rd1  1/2-1/2

[Event "TCh-Serbia"]
[Site "Zlatibor SCG"]
[Date "2006.09.02"]
[Round "8"]
[White "Drazic,S"]
[Black "Mozetic,D"]
[Result "1/2-1/2"]
[WhiteElo "2514"]
[BlackElo "2424"]

1.e4 c5 2.Nf3 Nc6 3.Nc3 g6 4.d4 cxd4 5.Nxd4 Bg7 6.Nb3 Nf6 7.Be2 O-O 8.O-O d6
9.Be3 b6 10.f4 Bb7 11.Bf3  1/2-1/2

[Event "5th Kesarovski - Georgiev Mem"]
[Site "Sunny Beach BUL"]
[Date "2006.09.03"]
[Round "2"]
[White "Panajotov,J"]
[Black "Valev,V"]
[Result "1-0"]
[WhiteElo "2262"]
[BlackElo "1643"]

1.e4 c5 2.Nc3 Nc6 3.Nge2 Nf6 4.g3 e6 5.Bg2 Be7 6.O-O O-O 7.d4 cxd4 8.Nxd4 d6
9.Be3 a6 10.Nxc6 bxc6 11.e5 Nd5 12.exd6 Qxd6 13.Bd4 c5 14.Nxd5 exd5 15.Be3 Be6
16.c4 Rad8 17.cxd5 Bxd5 18.Qxd5 Qxd5 19.Bxd5 Rxd5 20.Rac1 Rc8 21.Rc4 Rb8
22.b3 a5 23.Ra4 Rb5 24.Rc1 Kf8 25.Rc2 Ke8 26.Bd2 Bd8 27.Bc3 f6 28.Rh4 h6
29.Re4+ Kf7 30.Rc4 Bc7 31.Kg2 Rb7 32.Bd2 Rb5 33.Kf3 Ke6 34.h4 Rf5+ 35.Ke2 g5
36.Re4+ Kd5 37.Rcc4 Re5 38.Rxe5+ Bxe5 39.Ra4 Bc7 40.Kf3 Ke6 41.Kg4 Kf7 42.Kh5 gxh4
43.Kxh4 Kg6 44.Rg4+ Kh7 45.Re4 Kg6 46.g4 Rb7 47.f4 Bd8 48.f5+ Kh7 49.Be3 Be7
50.Kh5 Bf8 51.Re8 Rf7 52.Re6 Re7 53.Rxe7+ Bxe7 54.Bxh6 Bd6 55.Bd2 Bc7 56.Bc3 Kg7
57.g5 Bd8 58.a4 Kf7 59.g6+ Kg7 60.Kg4 Bc7 61.Kf3 Bb6 62.Ke4 Bc7 63.Kd5 Bb6
64.Ke6 Bd8 65.Bb2 Kf8 66.Bxf6 Bb6 67.Be5 Kg8 68.Kd7 Kf8 69.Kc6 Ba7 70.Kb7  1-0

[Event "3rd Open"]
[Site "Kalamaria GRE"]
[Date "2006.09.04"]
[Round "7"]
[White "Shavtvaladze,N"]
[Black "Verikakis,M"]
[Result "1-0"]
[WhiteElo "2383"]
[BlackElo "1941"]

1.e4 c5 2.Nc3 Nc6 3.Bb5 g6 4.Bxc6 bxc6 5.d3 Rb8 6.f4 Bg7 7.Nf3 d6 8.O-O e6
9.Na4 Ne7 10.c4 O-O 11.Kh1 Qa5 12.Rb1 Bd7 13.Bd2 Qc7 14.Be3 Rb4 15.a3 Rb7
16.e5 Nf5 17.exd6 Qxd6 18.Bxc5 Qxf4 19.Bxf8 Bxf8 20.b4 Qh6 21.Re1 Bd6 22.Nc5 Bf4
23.g3 Nxg3+ 24.Kg2 Nf5 25.Nxb7 e5 26.Rb2 Qh3+ 27.Kh1 Ng3+ 28.Kg1 Bg4 29.hxg3 Qxg3+
30.Rg2 Qh3 31.Kf2 Bg5 32.Rh1 Be3+ 33.Kxe3 Qxg2 34.Rg1  1-0

[Event "ch-U20 Panamerican"]
[Site "Bogota COL"]
[Date "2006.09.07"]
[Round "8"]
[White "Iturrizaga,E"]
[Black "Cornejo,M"]
[Result "1/2-1/2"]
[WhiteElo "2309"]
[BlackElo "2251"]

1.e4 c5 2.Nc3 Nc6 3.Nf3 g6 4.Bb5 Bg7 5.O-O d6 6.e5 dxe5 7.Bxc6+ bxc6 8.Re1 f6
9.d3 Nh6 10.Be3 Nf5 11.Bxc5 O-O 12.Qe2 Re8 13.Qe4 Bd7 14.Rad1 Qc7 15.Qa4 Kh8
16.d4 exd4 17.Nxd4 Nxd4 18.Qxd4 Bf5 19.Qa4 Bf8 20.h3 e5 21.Bxf8 Rxf8 22.Ne4 Bxe4
23.Qxe4 Rad8 24.Qc4 Rd6 25.Rxd6 Qxd6 26.Re3 Qd1+ 27.Kh2 Qd5 28.Qb4 Rf7 29.Rc3 e4
30.Qc5 Qxa2 31.b3 Qa6 32.Rc4 Kg7 33.Qxc6 Qxc6 34.Rxc6 f5 35.Kg1 Re7 36.Kf1 Kf7
37.Ke2 Rd7 38.b4 Rb7 39.c3 f4 40.Rc4 Re7 41.f3 exf3+ 42.Kxf3 g5 43.Kg4 h6
44.h4 Re2 45.hxg5 Rxg2+ 46.Kxf4 hxg5+ 47.Kf5 Ra2 48.Kxg5 a5 49.Kf4 axb4 50.cxb4 Ke6
51.Ke4 Kd6 52.Kd4 Ra1 53.b5 Rd1+ 54.Ke4 Rb1 55.Rc6+ Kd7 56.Rc5 Kd6 57.Rh5 Kc7  1/2-1/2

[Event "Mitropa Cup Men"]
[Site "Brno CZE"]
[Date "2006.09.07"]
[Round "1"]
[White "Michalik,P"]
[Black "Bogner,S"]
[Result "0-1"]
[WhiteElo "2330"]
[BlackElo "2314"]

1.e4 c5 2.Nc3 Nc6 3.Nf3 e5 4.g3 d6 5.Bg2 g6 6.d3 Bg7 7.Bg5 f6 8.Be3 Nge7
9.h4 h5 10.Nd2 Bg4 11.Ne2 Nd4 12.f3 Be6 13.c4 Qd7 14.Nb3 Nxe2 15.Qxe2 Nc6
16.Qd2 O-O 17.O-O Rab8 18.Na5 Nd4 19.Rfc1 b6 20.Nb3 Kh7 21.Bf2 f5 22.Nxd4 cxd4
23.Rc2 Bh6 24.Qe2 f4 25.g4 hxg4 26.fxg4 Bxg4 27.Bf3 Be6 28.Kh1 Rg8 29.Rg1 Rg7
30.Be1 Bxc4 31.Rxc4 Qh3+ 32.Qh2 Qxf3+ 33.Qg2 Qxg2+ 34.Kxg2 b5 35.Rc2 Rbb7
36.Kf3 Rgc7 37.Rgg2 Bf8 38.Ba5 Rc5 39.Bb4 Rcc7 40.Ba5 Rc5 41.Bb4 Rxc2 42.Rxc2 Rf7
43.Rc6 Rd7 44.Ba5 Kg7 45.Kg4 Rf7 46.Rc7 Rxc7 47.Bxc7 Be7 48.Ba5 Kf7 49.Be1 Ke6
50.Kf3 d5 51.a3 Bd8 52.b4 a6 53.Bf2 a5 54.Be1 axb4 55.axb4 Be7 56.exd5+ Kxd5  0-1

[Event "Universities"]
[Site "Istanbul TUR"]
[Date "2006.09.07"]
[Round "9"]
[White "Gassanov,A"]
[Black "Kozhuharov,S"]
[Result "0-1"]
[WhiteElo "2335"]
[BlackElo "2402"]

1.e4 c5 2.Ne2 Nc6 3.Nbc3 d6 4.d3 g6 5.g3 Bg7 6.Bg2 e5 7.O-O Nge7 8.Be3 O-O
9.Qd2 Nd4 10.f4 Nxe2+ 11.Qxe2 exf4 12.Bxf4 Be6 13.Bg5 Qd7 14.Qd2 Rae8 15.Bh6 f6
16.Rae1 g5 17.Bxg7 Kxg7 18.Rf2 Ng6 19.d4 Qe7 20.Ref1 h5 21.Rd1 h4 22.Qe3 hxg3
23.hxg3 b6 24.Qd2 Rd8 25.b3 Rh8 26.Rdf1 Rdf8 27.Ne2 Bg4 28.Nc3 Be6 29.Ne2 Rh6
30.c4 Qd7 31.Qe3 Bg4 32.Nc3 cxd4 33.Qxd4 Ne5 34.Rd2 Bh3 35.Qxd6 Qg4 36.Rxf6 Rhxf6
37.Qxe5 Bxg2 38.Nd5 Qxe4 39.Qa1 Bf3  0-1

[Event "TCh-ESP Honor Gp1"]
[Site "Olite ESP"]
[Date "2006.09.07"]
[Round "2"]
[White "Salgado Lopez,I"]
[Black "Eljanov,P"]
[Result "0-1"]
[WhiteElo "2411"]
[BlackElo "2651"]

1.e4 c5 2.Nc3 Nc6 3.Nf3 Nf6 4.d4 cxd4 5.Nxd4 e5 6.Ndb5 d6 7.Bg5 a6 8.Na3 b5
9.Nd5 Be7 10.Bxf6 Bxf6 11.c4 b4 12.Nc2 Rb8 13.Be2 O-O 14.O-O Bg5 15.Qd3 Be6
16.b3 Qd7 17.Rad1 Kh8 18.Kh1 Bh6 19.Qg3 Rfd8 20.Qh4 a5 21.g4 f6 22.Nxf6 Qe7
23.g5 gxf6 24.gxh6 Rg8 25.f4 exf4 26.Qxf4 Bh3 27.Rg1 Ne5 28.Rg3 Bd7 29.Ne3 Be6
30.Rxd6 Ng6 31.Qf2 Bg4 32.Rd4 Bxe2 33.Qxe2 Qe5 34.Qd2 Qf4 35.Nf5 Qf1+ 36.Rg1 Qf3+
37.Qg2 Ne5 38.Ng3 Rxg3 39.hxg3 Qh5+ 40.Qh2 Qxh2+ 41.Kxh2 Nf3+ 42.Kg2 Nxd4
43.Rf1 Rf8 44.Rd1 Nc6 45.Rd6 Ne5 46.Ra6 Kg8 47.Rxa5 Kf7 48.Kf2 Rd8 49.Ke2 Rd4
50.Rb5 Rxe4+ 51.Kd2 Rg4 52.Rxb4 Kg6 53.a4 Rxg3 54.Rb6 Kg5 55.a5 f5 56.a6 Rg2+
57.Kc3 Ra2 58.b4 f4 59.Rb5 Kf6 60.Rb6+ Kf5 61.c5 f3 62.c6 Nxc6 63.Rb7 Ke6  0-1

[Event "World Blitz"]
[Site "Rishon Le Zion ISR"]
[Date "2006.09.07"]
[Round "4"]
[White "Livshits,G"]
[Black "Zoler,D"]
[Result "1/2-1/2"]
[WhiteElo "2406"]
[BlackElo "2455"]

1.e4 c5 2.Nc3 Nc6 3.Nf3 d6 4.d4 cxd4 5.Nxd4 Nf6 6.g3 g6 7.Bg2 Bd7 8.O-O Bg7
9.Nde2 O-O 10.h3 a6 11.Kh2 b5 12.Nd5 Rc8 13.c3 Ne5 14.Nd4 e6 15.Nxf6+ Qxf6
16.Qe2 Nc4 17.a3 Rfd8 18.f4 Qe7 19.f5 exf5 20.exf5 Qxe2 21.Nxe2 Bxf5 22.Nf4 Re8
23.a4 g5 24.Nh5 Be4 25.Nxg7 Kxg7 26.axb5 axb5 27.Ra7 Bg6 28.Bxg5 Nxb2 29.Bd5 Re2+
30.Kg1 Rf8 31.Bf6+ Kg8 32.Bd4 Nc4 33.Rf2 Re1+ 34.Rf1 Rxf1+ 35.Kxf1 Re8 36.Kf2 Ne5
37.Rb7 Nd3+ 38.Kf3 Ne1+ 39.Kf2 Nd3+ 40.Kf3 Ne1+ 41.Kf2  1/2-1/2

[Event "World Blitz"]
[Site "Rishon Le Zion ISR"]
[Date "2006.09.07"]
[Round "13"]
[White "Grischuk,A"]
[Black "Gurevich,D"]
[Result "1-0"]
[WhiteElo "2709"]
[BlackElo "2507"]

1.e4 c5 2.Ne2 Nc6 3.Nbc3 g6 4.d4 cxd4 5.Nxd4 Bg7 6.Be3 Nf6 7.Bc4 d6 8.Bb3 O-O
9.f3 Bd7 10.h4 h5 11.Qd2 Nxd4 12.Bxd4 b5 13.g4 hxg4 14.h5 e5 15.h6 Nh5 16.hxg7 Kxg7
17.Be3 Rh8 18.Qxd6 Qf6 19.O-O-O Qxf3 20.Qxe5+ Qf6 21.Qxf6+ Nxf6 22.Bd4 Rxh1
23.Rxh1 g3 24.Nd5  1-0

[Event "5th Kesarovski - Georgiev Mem"]
[Site "Sunny Beach BUL"]
[Date "2006.09.07"]
[Round "6"]
[White "Ljangov,P"]
[Black "Maksimovic,S"]
[Result "0-1"]
[WhiteElo "2176"]
[BlackElo "2266"]

1.e4 c5 2.Nf3 Nc6 3.Nc3 Nf6 4.Bb5 Qc7 5.O-O a6 6.Bxc6 dxc6 7.h3 e5 8.d3 h6
9.Nh2 g5 10.Qf3 Be7 11.Nd1 Be6 12.Ne3 O-O-O 13.b3 h5 14.Bb2 Rdg8 15.Nf5 g4
16.Qe3 Bxf5 17.exf5 Nd5 18.Qe4 gxh3 19.g3 f6 20.c4 Nb6 21.Kh1 Qd7 22.Bc1 Na8
23.Rg1 Nc7 24.f3 Ne8 25.g4 Nd6 26.Qe2 Nf7 27.Be3 hxg4 28.fxg4 Bf8 29.Nf3 h2
30.Rg2 Rh3 31.Rd1 b6 32.Nd2 Bh6 33.Bxh6 Rxh6 34.Ne4 Ng5 35.Nxg5 Rxg5 36.Qe4 Rh4
37.Rf1 Kc7 38.Rf3 Qd4 39.Qxd4 cxd4 40.Rfg3 Kd6 41.Rxh2 Rhxg4 42.Rxg4 Rxg4
43.Rh6 e4 44.dxe4 Ke5 45.Rh8 Rxe4 46.Kg2 d3 47.Re8+ Kd4 48.Re6 d2 49.Rd6+ Kc3  0-1

[Event "ch-AUT"]
[Site "Koeflach AUT"]
[Date "2006.09.08"]
[Round "7"]
[White "Ragger,M"]
[Black "Pilaj,H"]
[Result "1/2-1/2"]
[WhiteElo "2456"]
[BlackElo "2380"]

1.e4 c5 2.Nf3 Nc6 3.Nc3 d6 4.d4 cxd4 5.Nxd4 Nf6 6.Be2 g6 7.O-O Bg7 8.Nb3 a6
9.a4 b6 10.f4 Bb7 11.Bf3 Nd7 12.Be3 O-O 13.Qd2 Rb8 14.Rfd1 Na5 15.Nxa5 bxa5
16.Rab1 Qc7 17.e5 Bxf3 18.gxf3 Nb6 19.exd6  1/2-1/2

[Event "ch-EU"]
[Site "Liverpool ENG"]
[Date "2006.09.08"]
[Round "3"]
[White "Medvegy,Z"]
[Black "Savory,R"]
[Result "1/2-1/2"]
[WhiteElo "2518"]
[BlackElo "2101"]

1.e4 c5 2.Nc3 Nc6 3.Nf3 d6 4.d4 cxd4 5.Nxd4 e6 6.Be3 Nf6 7.Qd2 Be7 8.f3 O-O
9.Nb3 a6 10.g4 Ne5 11.Be2 Qc7 12.g5 Nfd7 13.a4 Nc4 14.Bxc4 Qxc4 15.Qe2 Ne5
16.Nd2 Qxe2+ 17.Kxe2 Bd7 18.f4 Nc6 19.Nc4 Nb4 20.Nb6 Rad8 21.Nxd7 Rxd7 22.Rac1 d5
23.exd5 Nxd5 24.Nxd5 Rxd5 25.c4 Rd7 26.c5 Rc7 27.Rc3 f6 28.h4 e5 29.fxe5 fxg5
30.hxg5 Rf5 31.Bd4 Bxg5 32.Rf3 Rxf3 33.Kxf3 Be7 34.Rc1 Kf7 35.b4 Ke6 36.Ke4 h5
37.b5 axb5 38.axb5 h4 39.c6 bxc6 40.b6 Rc8 41.Rxc6+ Kd7 42.Rg6 h3 43.Rxg7 Rh8
44.Rg1 h2 45.Rh1 Kc6 46.Kf5 Rh4 47.Bf2 Rh3 48.Kg4 Rh8 49.Be3 Bd8 50.Bf4 Bxb6
51.Bxh2 Bc7 52.Kf5 Bxe5 53.Kxe5 Rh5+ 54.Kf4 Rh4+ 55.Kg5 Rh8 56.Rc1+ Kd5 57.Rd1+ Ke4
58.Bd6 Rh3 59.Bf4 Rd3 60.Re1+ Kd5 61.Kf5 Rh3 62.Rd1+ Kc4 63.Ke4 Rc3 64.Rd7 Kb5
65.Rb7+ Kc4 66.Bd2 Rh3 67.Rc7+ Kb5 68.Bc3 Kb6 69.Be5 Rh1 70.Rc2 Rd1 71.Bd4+ Kb7
72.Kd5 Rb1 73.Rg2 Rd1 74.Rg7+ Kc8 75.Kc5 Rd2 76.Bf6 Rf2 77.Be5 Ra2 78.Kd6 Ra6+
79.Kd5 Rb6 80.Rc7+ Kb8 81.Kc5 Rb7 82.Rc6+ Ka7 83.Bc7 Rb1 84.Bf4 Rb2 85.Rc7+ Ka6
86.Kd5 Rb4 87.Rc8 Rb5+ 88.Kc4 Rh5 89.Re8 Rh4 90.Re4 Rh5 91.Re6+ Kb7 92.Be5 Rh1
93.Kd5 Rd1+ 94.Bd4 Rc1 95.Re3 Rd1 96.Re7+ Kc8 97.Ra7 Kb8 98.Ra2 Kb7 99.Kc5 Rc1+
100.Kd6 Rc6+ 101.Kd5 Ra6 102.Rb2+ Kc8 103.Be5  1/2-1/2

[Event "59th ch-RUS 1st League"]
[Site "Tomsk RUS"]
[Date "2006.09.08"]
[Round "6"]
[White "Gubajdullin,A"]
[Black "Shabanov,Y"]
[Result "1-0"]
[WhiteElo "2431"]
[BlackElo "2443"]

1.e4 c5 2.Nc3 Nc6 3.Nf3 g6 4.d4 cxd4 5.Nxd4 Bg7 6.Nb3 Nf6 7.Be2 O-O 8.O-O d6
9.Re1 a6 10.Bf1 b5 11.Nd5 Nd7 12.c3 Bb7 13.a4 bxa4 14.Rxa4 a5 15.Bg5 h6 16.Bh4 g5
17.Bg3 e6 18.Ne3 Nb6 19.Ra3 a4 20.Nd2 f5 21.exf5 exf5 22.f4 d5 23.Nf3 d4
24.Nc4 g4 25.Nfe5 Nxe5 26.fxe5 f4 27.Qxg4 fxg3 28.cxd4 gxh2+ 29.Kh1 Rxf1+
30.Rxf1 Nxc4 31.Rg3 Qe7 32.Rf6 Rf8 33.Rg6 Rf7 34.e6 Kf8 35.exf7 Qe1+ 36.Kxh2 Ne3
37.Rxe3  1-0

[Event "Mitropa Cup Men"]
[Site "Brno CZE"]
[Date "2006.09.09"]
[Round "3"]
[White "Kanovsky,D"]
[Black "Manca,F"]
[Result "1-0"]
[WhiteElo "2368"]
[BlackElo "2425"]

1.e4 c5 2.Nf3 Nc6 3.Nc3 g6 4.d4 cxd4 5.Nxd4 Bg7 6.Nde2 d6 7.g3 Nf6 8.Bg2 O-O
9.O-O Bd7 10.h3 Rc8 11.a4 Na5 12.Nd5 Nxd5 13.exd5 Qb6 14.Ra2 Bf5 15.b3 Qc5
16.c4 Qb4 17.Ra3 a6 18.Nd4 Bd7 19.Nc2 Qb6 20.Be3 Qc7 21.Qd2 b6 22.Nd4 Nb7
23.b4 a5 24.Nc6 Rfe8 25.Rb1 Bf5 26.Rbb3 axb4 27.Qxb4 Nc5 28.Bxc5 bxc5 29.Qb7 e6
30.Qxc7 Rxc7 31.a5 exd5 32.Bxd5 Bd7 33.Rb6 Bxc6 34.Bxc6 Ree7 35.a6 Ra7 36.Rb8+ Bf8
37.Rb7 Kg7 38.Rxa7 Rxa7 39.Bb7 Kf6 40.Kg2 Ke5 41.Re3+ Kd4 42.Re8 Bh6 43.Ra8  1-0

[Event "I Open"]
[Site "Vitoria BRA"]
[Date "2006.09.09"]
[Round "6"]
[White "Di Berardino,D"]
[Black "Matsuura,E"]
[Result "1-0"]
[WhiteElo "2370"]
[BlackElo "2445"]

1.e4 c5 2.Nf3 Nc6 3.Nc3 g6 4.d4 cxd4 5.Nxd4 Bg7 6.Be3 Nf6 7.Bc4 O-O 8.Bb3 a5
9.O-O a4 10.Nxa4 Nxe4 11.Nb5 Ra6 12.Qe2 d6 13.Rfd1 Na5 14.Bd5 Nf6 15.Bf3 Nc6
16.b3 Ne5 17.h3 Nxf3+ 18.Qxf3 Nd7 19.Rac1 Ne5 20.Qe2 Bd7 21.f4 Nc6 22.c4 Nb8
23.Nac3 Bc6 24.Nd5 Nd7 25.Bf2 Bxd5 26.cxd5 Ra8 27.Rc7 b6 28.Rdc1 Bf6 29.b4 Kh8
30.a3 Bg7 31.Qd3 Rb8 32.R1c6 g5 33.Qf5 Nf6 34.fxg5  1-0

[Event "EU-chB18"]
[Site "Herceg Novi MNE"]
[Date "2006.09.10"]
[Round "1"]
[White "Tukhaev,A"]
[Black "Genzling,A"]
[Result "1-0"]
[WhiteElo "2459"]
[BlackElo "2215"]

1.e4 c5 2.Nf3 Nc6 3.Nc3 Nf6 4.Bb5 Qc7 5.O-O Nd4 6.Re1 a6 7.Bf1 e5 8.Nd5 Nxd5
9.exd5 d6 10.c3 Nxf3+ 11.Qxf3 Be7 12.d4 O-O 13.Qg3 f5 14.dxe5 dxe5 15.Rxe5 Bd6
16.f4 Bxe5 17.fxe5 c4 18.b3 b5 19.bxc4 bxc4 20.Ba3 f4 21.Qf2 Rf5 22.Bd6 Qf7
23.Bxc4 Bb7 24.Qf3 Rc8 25.Bb3 a5 26.a4 Ba8 27.c4 Qa7+ 28.c5 Rd8 29.Qf2 Re8
30.c6 Qf7 31.Qf3 Kh8 32.Re1 Qa7+ 33.Qf2 Qf7 34.Bc2 Rh5 35.Bd1 Rh6 36.Bf3  1-0

[Event "Mitropa Cup Men"]
[Site "Brno CZE"]
[Date "2006.09.11"]
[Round "5"]
[White "Lettieri,G"]
[Black "Saric,Iv"]
[Result "1-0"]
[WhiteElo "2295"]
[BlackElo "2394"]

1.e4 c5 2.Nf3 Nc6 3.Nc3 e5 4.Bc4 d6 5.d3 Be7 6.Nd2 Nf6 7.Nf1 Bg4 8.f3 Be6
9.Ne3 O-O 10.O-O Rb8 11.a4 Nb4 12.Qe2 Nd7 13.Ned5 Bg5 14.f4 exf4 15.Nxf4 Bxf4
16.Rxf4 Ne5 17.Bd2 Ng6 18.Rf2 Nc6 19.Bd5 Bxd5 20.Nxd5 Qd7 21.Qh5 Rbe8 22.Bc3 Nce5
23.h3 f6 24.b3 Ne7 25.Ne3 Qe6 26.Raf1 Rd8 27.g4 Qf7 28.Qh4 N5g6 29.Qg3 d5
30.g5 d4 31.gxf6 gxf6 32.Ng4 Kh8 33.Rxf6 Qg7 34.Rxf8+ Rxf8 35.Rxf8+ Qxf8
36.Bd2 Nc6 37.Bg5 Nb4 38.h4 h5 39.Nf6 Nxc2 40.Qf3 Kg7 41.Nxh5+ Kh8 42.Nf6 Kg7
43.Qf5 Ne3 44.Nh5+ Kh8 45.Qxf8+ Nxf8 46.Bxe3 dxe3 47.Nf4 Nd7 48.Kf1 Ne5 49.Ke2 Nc6
50.Kxe3 Nd4 51.e5 Kg7 52.Ke4 Nxb3 53.Kd5 Nd2 54.Ne6+ Kg6 55.Nxc5 Nf3 56.Nxb7 Nxh4
57.Nd6 Ng2 58.Ke4 Ne1 59.Nb5 a6 60.Na3 Kf7 61.d4 Ng2 62.Nc2  1-0

[Event "Mitropa Cup Men"]
[Site "Brno CZE"]
[Date "2006.09.11"]
[Round "5"]
[White "Kanovsky,D"]
[Black "Sebenik,M"]
[Result "0-1"]
[WhiteElo "2368"]
[BlackElo "2400"]

1.e4 c5 2.Nf3 Nc6 3.Nc3 Nf6 4.Bb5 Qc7 5.O-O Nd4 6.Nxd4 cxd4 7.Nd5 Nxd5 8.exd5 Qc5
9.Ba4 Qxd5 10.Re1 e6 11.d3 b6 12.Bb3 Qc6 13.Bd2 Bb7 14.f3 Bd6 15.c3 Qc5 16.cxd4 Qxd4+
17.Be3 Qh4 18.h3 Qg3 19.Kf1 O-O 20.Rc1 Rac8 21.Qd2 Qg6 22.Rc4 Ba6 23.Ra4 Qxd3+
24.Kf2 Bb8 25.Qb4 Bb5  0-1

[Event "EU-chB16"]
[Site "Herceg Novi MNE"]
[Date "2006.09.11"]
[Round "2"]
[White "Potapov,P"]
[Black "Pileckis,E"]
[Result "1/2-1/2"]
[WhiteElo "2385"]
[BlackElo "2253"]

1.e4 c5 2.Nf3 Nc6 3.Nc3 e5 4.Bc4 Be7 5.d3 Nf6 6.Nd2 d6 7.Nf1 Bg4 8.f3 Be6
9.Ne3 O-O 10.O-O Re8 11.Ncd5 Nd7 12.f4 exf4 13.Nxf4 Bxc4 14.Nxc4 Nde5 15.Ne3 Bg5
16.Ned5 Bxf4 17.Bxf4 Ng6 18.Qg4 Nce7 19.Bg5 Qc8 20.Qf3 f6 21.Nxe7+ Rxe7 22.Bd2 Qe6
23.Bc3 Rd8 24.Rae1 Rde8 25.b3 Qd7 26.Qh5 b6 27.Re3 Re6 28.Rh3 Nf8 29.Rg3 Qf7
30.Qf5 Ng6 31.a4 Ne7 32.Qf3 Rf8 33.h4 Nc6 34.h5 Ne5 35.Qf5 Re7 36.Rf4 Qe6
37.Qxe6+  1/2-1/2

[Event "EU-chG18"]
[Site "Herceg Novi MNE"]
[Date "2006.09.11"]
[Round "2"]
[White "Fidalgo Fernandez,L"]
[Black "Domany,Z"]
[Result "1-0"]
[WhiteElo "2105"]
[BlackElo "2172"]

1.e4 c5 2.Nc3 Nc6 3.Nge2 Nf6 4.d4 cxd4 5.Nxd4 e5 6.Ndb5 d6 7.Bg5 a6 8.Bxf6 gxf6
9.Na3 b5 10.Nd5 f5 11.Bd3 Be6 12.O-O Bg7 13.c4 bxc4 14.Nxc4 Bxd5 15.exd5 Nd4
16.Qa4+ Ke7 17.Rfe1 Kf8 18.Qa3 e4 19.Nxd6 Kg8 20.Bb1 Be5 21.Nc4 Qxd5 22.Nb6 Qb5
23.Nxa8 Ne2+ 24.Kh1 Bxb2 25.Qb3 Qxb3 26.axb3 Bxa1 27.Rxe2 Kg7 28.Nc7 Rc8
29.Rc2 Rd8 30.Rc1 Bb2 31.Rf1 a5 32.g4 Rd7 33.Nb5 Rd5 34.Na7 fxg4 35.Bxe4 Rd2
36.Kg2 Bd4 37.Nc6 Bb6 38.Kg3 h5 39.Ne7 Re2 40.Nf5+ Kf6 41.Bd3 Rb2 42.Ne3 Kg5
43.f4+ gxf3 44.Kxf3 Rxb3 45.Ke4 Rb4+ 46.Nc4 Bc7 47.h3 f6 48.Rf5+ Kg6 49.Rf3 Rb3
50.Kd5+ Kh6 51.Ke4 a4  1-0

[Event "XVI WSen"]
[Site "Arvier ITA"]
[Date "2006.09.12"]
[Round "2"]
[White "Krstic,S AUS"]
[Black "Barlo,W"]
[Result "1/2-1/2"]
[WhiteElo "2062"]
[BlackElo "1882"]

1.e4 c5 2.Nf3 Nc6 3.Nc3 g6 4.Bc4 Bg7 5.d3 d6 6.h3 e6 7.Bb3 Nge7 8.Bg5 a6
9.Qd2 h6 10.Bh4 Na5 11.O-O Nxb3 12.axb3 Qc7 13.Bg3 e5 14.Nh2 Be6 15.Ng4 f5
16.exf5 gxf5 17.Nh2 f4 18.Bh4 Ng6 19.Nf3 Nxh4 20.Nxh4 Bf6 21.Nf3 Rg8 22.Kh2 O-O-O  1/2-1/2